Top 10 des pays européens qui produisent le plus de pétrole - Statistiques

Statistiques générales
  • Ce quiz a été pris 91 fois
  • Le résultat moyen est 7 sur 10
Statistiques - réponses
Rang Pays % Correct
1 Russie
95%
2 Norvège
88%
3 Royaume-Uni
84%
8 Allemagne
76%
5 Italie
76%
6 Danemark
71%
7 Roumanie
61%
9 Biélorussie
59%
4 Turquie
48%
10 Hongrie
40%
Aucun quiz correspondant
Distribution des résultats
% des personnes avec chaque résultat
Percentile par nombre de réponses
Votre historique - résultats
Vous n’avez pas pris ce quiz